| 000 | 00447nam a2200193Ia 4500 | ||
|---|---|---|---|
| 008 | 210210b1957 xxu||||| |||| 00| 0 eng d | ||
| 041 | _aeng | ||
| 082 | _a954/391 | ||
| 100 | _aSASTRI (K N) Ed | ||
| 245 | _aNew light on indus ciivilization | ||
| 260 |
_aDelhi _bAtma Ram & Sons _c1957 |
||
| 650 | _aon | ||
| 650 | _aNew | ||
| 650 | _alight | ||
| 650 | _aindus | ||
| 650 | _aciivilization | ||
| 690 | _aIndian History | ||
| 906 | _a026148 | ||
| 999 |
_c152104 _d152104 |
||